000 00678nam a22002177a 4500
003 BD-RjUL
005 20260120101325.0
008 260120s1999 us ||||| i||| 00| 0 eng d
035 _a(BD-RjUL)
040 _aBD-RjUL
_beng
_cBD-RjUL
_dDLC
_eDLC
041 _aeng
082 _223
_a658.84803
_bENC 1999
245 _aEncyclopadeia of Export Management,
_cEdited by A. K. Chaudhary
260 _aNew Delhi
_bAnmol Publications PVT. LTD.
_c1999
300 _a224 page ,
_c20 cm.
337 _2ISBN 81-261-0342-6
504 _aFormatted note Volume-1, 2,
650 _aEncyclopadeia
_vExport Management,
_917618
700 _aChaudhary, A. K. Edited by
_917617
942 _2ddc
_cBK
999 _c86124
_d86124